[Event "WchT 8th"]
[Site "Ningbo"]
[Date "2011.07.18"]
[Round "2.2"]
[White "Sasikiran, Krishnan"]
[Black "Gashimov, Vugar"]
[Result "1/2-1/2"]
[WhiteElo "2681"]
[BlackElo "2760"]
[PlyCount "85"]
[EventDate "2011.07.17"]
[EventType "team-tourn"]
[EventRounds "9"]
[EventCountry "CHN"]
[SourceTitle "CBM 144"]
[Source "ChessBase"]
[SourceDate "2011.09.16"]
[SourceVersion "1"]
[SourceVersionDate "2011.09.16"]
[SourceQuality "1"]
[WhiteTeam "India"]
[BlackTeam "Azerbaijan"]
[WhiteTeamCountry "IND"]
[BlackTeamCountry "AZE"]

1. d4 d5 2. c4 c6 3. Nf3 Nf6 4. Nc3 dxc4 5. a4 e6 6. e3 c5 7. Bxc4 cxd4 8. exd4 Nc6 9. 0-0 Be7 10. Qe2 0-0 11. Rd1 Nb4 12. a5 Bd7 13. Ne5 Be8 14. Bg5 Nfd5 15. Nxd5 exd5 16. Bxe7 Qxe7 17. Ng4 Qe6 18. Bd3 Bd7 19. Qxe6 Bxe6 20. Ne3 Rac8 21. Bb1 Rfd8 22. f4 f6 23. Kf2 Nc6 24. Ra3 Rb8 25. Bd3 b6 26. a6 Rbc8 27. Nc2 Na5 28. Re1 Bd7 29. Nb4 Kf7 30. Rc3 Rxc3 31. bxc3 Bc8 32. h4 g6 33. h5 Rd6 34. Rh1 Kg7 35. Re1 Kf7 36. hxg6+ hxg6 37. Rh1 Kg7 38. Re1 Kf7 39. Bb5 Bd7 40. Be2 Nc6 41. Nc2 Ne7 42. Na3 b5 43. Bxb5 1/2-1/2

[Event "WchT 8th"]
[Site "Ningbo"]
[Date "2011.07.17"]
[Round "1.2"]
[White "Gashimov, Vugar"]
[Black "Wang, Yue"]
[Result "0-1"]
[WhiteElo "2760"]
[BlackElo "2709"]
[PlyCount "86"]
[EventDate "2011.07.17"]
[EventType "team-tourn"]
[EventRounds "9"]
[EventCountry "CHN"]
[SourceTitle "CBM 144"]
[Source "ChessBase"]
[SourceDate "2011.09.16"]
[SourceVersion "1"]
[SourceVersionDate "2011.09.16"]
[SourceQuality "1"]
[WhiteTeam "Azerbaijan"]
[BlackTeam "China"]
[WhiteTeamCountry "AZE"]
[BlackTeamCountry "CHN"]

1. c4 Nf6 2. Nc3 e5 3. Nf3 Nc6 4. a3 d5 5. cxd5 Nxd5 6. Qc2 Nxc3 7. bxc3 Bd6 8. g3 Qe7 9. d3 0-0 10. Bg2 Bd7 11. 0-0 Rae8 12. e4 Na5 13. Nh4 b6 14. Nf5 Qf6 15. Ne3 Be6 16. Bb2 Bc5 17. Qe2 Rd8 18. Nd5 Bxd5 19. exd5 Bd6 20. Rae1 Nb3 21. Qd1 Nc5 22. f4 exf4 23. d4 Nd7 24. gxf4 Qh4 25. Re5 Nf6 26. Qe1 Qxe1 27. Rexe1 Rfe8 28. Bc1 b5 29. Bd2 Bxa3 30. Rb1 a6 31. Bf3 Nxd5 32. Rb3 Bf8 33. Ra1 Nb6 34. Rxa6 Nc4 35. Ra2 b4 36. Rc2 Nxd2 37. Rxd2 bxc3 38. Re2 Rxe2 39. Bxe2 Rxd4 40. Rxc3 Bd6 41. Rb3 Rxf4 42. Rb8+ Bf8 43. Rc8 c5 0-1

[Event "Amber-blindfold 20th"]
[Site "Monte Carlo"]
[Date "2011.03.20"]
[Round "8"]
[White "Kramnik, Vladimir"]
[Black "Gashimov, Vugar"]
[Result "1/2-1/2"]
[WhiteElo "2785"]
[BlackElo "2746"]
[PlyCount "108"]
[EventDate "2011.03.12"]
[EventType "tourn (rapid)"]
[EventRounds "11"]
[EventCountry "MNC"]
[EventCategory "21"]
[SourceTitle "CBM 142"]
[Source "ChessBase"]
[SourceDate "2011.05.17"]
[SourceVersion "1"]
[SourceVersionDate "2011.05.17"]
[SourceQuality "1"]

1. Nf3 c5 2. c4 Nc6 3. e3 Nf6 4. Nc3 g6 5. d4 cxd4 6. exd4 d5 7. cxd5 Nxd5 8. Qb3 e6 9. Bb5 Bg7 10. 0-0 0-0 11. Rd1 h6 12. Bxc6 bxc6 13. Ne4 Qb6 14. Nc5 e5 15. Qc4 exd4 16. Nxd4 Re8 17. h3 Rb8 18. a3 Qc7 19. b4 Rd8 20. Bb2 a5 21. Nd3 Rd6 22. Rac1 Nb6 23. Qc5 Na4 24. Nb5 Nxc5 25. Nxc7 Rxd3 26. Bxg7 Rxd1+ 27. Rxd1 Kxg7 28. bxc5 Kf8 29. Rd8+ Ke7 30. Rh8 Rb1+ 31. Kh2 Bd7 32. Na8 Rb5 33. Nb6 Rxc5 34. Nxd7 Kxd7 35. Rxh6 Rc3 36. h4 Rxa3 37. g4 a4 38. h5 gxh5 39. Rxh5 Ra1 40. Rf5 Ke7 41. Rc5 Kd6 42. Rf5 Ke6 43. Rc5 Kd6 44. Rf5 a3 45. Rxf7 Ke6 46. Rc7 Rc1 47. Ra7 Rc3 48. f4 Rf3 49. Ra4 c5 50. Kg2 Rb3 51. Ra6+ Kd5 52. g5 Ke4 53. g6 a2 54. Rxa2 Rb6 1/2-1/2

[Event "Amber-blindfold 20th"]
[Site "Monte Carlo"]
[Date "2011.03.19"]
[Round "7"]
[White "Gashimov, Vugar"]
[Black "Karjakin, Sergey"]
[Result "1/2-1/2"]
[WhiteElo "2746"]
[BlackElo "2776"]
[PlyCount "34"]
[EventDate "2011.03.12"]
[EventType "tourn (rapid)"]
[EventRounds "11"]
[EventCountry "MNC"]
[EventCategory "21"]
[SourceTitle "CBM 142"]
[Source "ChessBase"]
[SourceDate "2011.05.17"]
[SourceVersion "1"]
[SourceVersionDate "2011.05.17"]
[SourceQuality "1"]

1. e4 e5 2. Nf3 Nc6 3. Bb5 a6 4. Ba4 Nf6 5. 0-0 Be7 6. Re1 b5 7. Bb3 0-0 8. d4 d6 9. dxe5 Nxe5 10. Nxe5 dxe5 11. Bg5 h6 12. Bxf6 Bxf6 13. Nc3 c6 14. Qxd8 Rxd8 15. Rad1 Bb7 16. f3 Rxd1 17. Rxd1 Rd8 1/2-1/2

[Event "Amber-blindfold 20th"]
[Site "Monte Carlo"]
[Date "2011.03.18"]
[Round "6"]
[White "Topalov, Veselin"]
[Black "Gashimov, Vugar"]
[Result "1/2-1/2"]
[WhiteElo "2775"]
[BlackElo "2746"]
[PlyCount "77"]
[EventDate "2011.03.12"]
[EventType "tourn (rapid)"]
[EventRounds "11"]
[EventCountry "MNC"]
[EventCategory "21"]
[SourceTitle "CBM 142"]
[Source "ChessBase"]
[SourceDate "2011.05.17"]
[SourceVersion "1"]
[SourceVersionDate "2011.05.17"]
[SourceQuality "1"]

1. d4 g6 2. c4 Bg7 3. Nf3 d6 4. Nc3 Bg4 5. g3 Bxf3 6. exf3 e6 7. d5 exd5 8. cxd5 Ne7 9. Bh3 0-0 10. 0-0 Nd7 11. Re1 Re8 12. Bg5 h6 13. Be3 Ne5 14. Rc1 Nc4 15. Qb3 Ne5 16. Qd1 Nc4 17. b3 Nxe3 18. Rxe3 c6 19. dxc6 bxc6 20. f4 d5 21. Rd3 d4 22. Ne2 Qd6 23. Rc4 Rad8 24. Bf1 c5 25. b4 cxb4 26. Nxd4 Qb6 27. Nf3 a5 28. Qa4 Kf8 29. Rxd8 Rxd8 30. Qc2 Qd6 31. Rc5 a4 32. Ra5 a3 33. Qb3 Rc8 34. Rb5 Rc3 35. Qxb4 Qxb4 36. Rxb4 Nc6 37. Rc4 Rxf3 38. Rxc6 Rc3 39. Rxc3 1/2-1/2

[Event "Amber-blindfold 20th"]
[Site "Monte Carlo"]
[Date "2011.03.14"]
[Round "3"]
[White "Gashimov, Vugar"]
[Black "Giri, Anish"]
[Result "1-0"]
[WhiteElo "2746"]
[BlackElo "2690"]
[PlyCount "67"]
[EventDate "2011.03.12"]
[EventType "tourn (rapid)"]
[EventRounds "11"]
[EventCountry "MNC"]
[EventCategory "21"]
[SourceTitle "CBM 142"]
[Source "ChessBase"]
[SourceDate "2011.05.17"]
[SourceVersion "1"]
[SourceVersionDate "2011.05.17"]
[SourceQuality "1"]

1. e4 c5 2. Nc3 e6 3. Nf3 d6 4. d4 cxd4 5. Nxd4 Nf6 6. g4 h6 7. h4 Nc6 8. Rg1 d5 9. exd5 Nxd5 10. Nxd5 Qxd5 11. Bg2 Qe5+ 12. Be3 Qh2 13. f4 Nxd4 14. Qxd4 Qxh4+ 15. Bf2 Qd8 16. Qxd8+ Kxd8 17. 0-0-0+ Kc7 18. Rd3 Bd6 19. Bg3 Rd8 20. Rgd1 f6 21. f5 e5 22. Be1 a5 23. Rd5 e4 24. Kb1 e3 25. Bf1 Re8 26. Rxd6 e2 27. Bxe2 Rxe2 28. Bg3 Rg2 29. Bf4 Rxg4 30. Rd7+ Kc6 31. R1d6+ Kb5 32. a4+ Kxa4 33. Rb6 Rxf4 34. Ka2 1-0